[Event "Championnat de France des Jeunes - Cadet"]
[Site "AIX LES BAINS"]
[Date "2009.04.21"]
[Round "4.12"]
[White "Charrais, Kevin"]
[Black "Delivre, Raphael"]
[Result "0-1"]
[WhiteElo "1858"]
[BlackElo "2067"]
[PlyCount "126"]

1. e4 c5 2. Nf3 Nc6 3. d4 cxd4 4. c3 d3 5. Bxd3 g6 6. O-O Bg7 7. Be3 d6 8. h3
Nf6 9. Nbd2 O-O 10. Qe2 Nd7 11. Bc2 Qc7 12. Nb3 Nde5 13. Nxe5 Nxe5 14. Rad1 Be6
15. Rfe1 Bc4 16. Qd2 Ba6 17. Qd5 Nc4 18. Bc1 h6 19. e5 Nxe5 20. Nd4 e6 21. Qe4
Nc6 22. Nxe6 fxe6 23. Qxe6+ Qf7 24. Bxg6 Qxe6 25. Rxe6 d5 26. Rd6 Rad8 27.
R1xd5 Rxd6 28. Rxd6 Rd8 29. Rxd8+ Nxd8 30. Be3 b6 31. Be4 Kf8 32. Kh2 Ke7 33.
Bf4 Bc8 34. Kg3 Ne6 35. Bb8 a6 36. f4 Nc5 37. Bc2 Be6 38. a3 Bb3 39. Bh7 Na4
40. Bd3 b5 41. Ba7 Nxb2 42. Bc5+ Kf7 43. Be4 Bxc3 44. Kh4 a5 45. g4 Na4 46. Bd6
Bd1 47. Kh5 Kg7 48. Bd5 b4 49. axb4 axb4 50. f5 b3 51. Bf4 b2 52. Bxh6+ Kf6 53.
Ba2 Be5 54. Bb1 Nc3 55. Bd3 b1=Q 56. Bxb1 Nxb1 57. h4 Nc3 58. Bf4 Bd4 59. Bg5+
Kg7 60. Bh6+ Kh7 61. Bf8 Bf6 62. Bd6 Ne4 63. Bf4 Nf2 0-1

[Event "Championnat de France des Jeunes - Cadet"]
[Site "AIX LES BAINS"]
[Date "2009.04.21"]
[Round "4.13"]
[White "Hutois, Mickael"]
[Black "Breffi, Nicolas"]
[Result "1-0"]
[WhiteElo "2021"]
[BlackElo "1855"]
[PlyCount "115"]

1. e4 e6 2. d4 d5 3. Nc3 Nf6 4. Bg5 Be7 5. e5 Nfd7 6. Be3 c5 7. Qg4 g6 8. Nf3
Nc6 9. Qg3 Qb6 10. O-O-O c4 11. h4 Qa5 12. Kd2 Nb6 13. Ke2 Bd7 14. h5 O-O-O 15.
Ng5 Bxg5 16. Bxg5 Rdf8 17. a3 Na4 18. Nxa4 Qxa4 19. Qc3 b5 20. b3 Qxa3 21. Ra1
Qb4 22. Qxb4 Nxb4 23. c3 Nc6 24. bxc4 bxc4 25. Bf6 Rhg8 26. hxg6 hxg6 27. Rh7
a5 28. Kd2 Kb7 29. Be2 Ka6 30. Bd1 Bc8 31. Ba4 Bb7 32. Rb1 Ba8 33. Kc2 Bb7 34.
Bb5+ Ka7 35. g3 g5 36. g4 Nd8 37. Kd2 Bc6 38. Bxd8 Bxb5 39. Bxa5 Ka6 40. Bb4
Rh8 41. Ra1+ Kb6 42. Rg7 Rhg8 43. Bxf8 Rxf8 44. Rxg5 Be8 45. Ke3 Kb7 46. Rg7
Rh8 47. Rg1 Rh3+ 48. f3 Rh8 49. g5 Kb8 50. Rb1+ Kc8 51. Ra1 Kb8 52. g6 Rf8 53.
gxf7 Bxf7 54. f4 Kb7 55. Rh1 Kb6 56. Rhh7 Be8 57. Re7 Bg6 58. Rxe6+ 1-0

[Event "Championnat de France des Jeunes - Cadet"]
[Site "AIX LES BAINS"]
[Date "2009.04.21"]
[Round "4.15"]
[White "Lepot, Simon"]
[Black "Martin, Alexandre"]
[Result "0-1"]
[WhiteElo "2000"]
[BlackElo "1817"]
[PlyCount "90"]

1. e4 e5 2. Nf3 Nc6 3. Bb5 a6 4. Ba4 d6 5. d4 b5 6. Bb3 Nxd4 7. Nxd4 exd4 8. c3
dxc3 9. Nxc3 Nf6 10. O-O Be7 11. f4 O-O 12. Qe2 Bb7 13. e5 Nd7 14. Bc2 Qe8 15.
Nd5 Bxd5 16. Qd3 g6 17. Qxd5 c6 18. Qf3 dxe5 19. f5 Bf6 20. Be4 Nc5 21. Bh6 Bg7
22. Bxg7 Kxg7 23. f6+ Kg8 24. Rac1 Nxe4 25. Qxe4 Qd7 26. Rcd1 Qa7+ 27. Kh1 Rfd8
28. Qxe5 Re8 29. Qg5 Qe3 30. Qh4 Re4 31. Rfe1 Rxh4 32. Rxe3 Rf4 33. Rf3 Rxf3
34. gxf3 Rc8 35. Kg2 h6 36. Kg3 Re8 37. Rd6 Re6 38. Rxe6 fxe6 39. Kf4 Kf7 40.
Ke5 c5 41. f4 c4 42. h3 a5 43. Kd4 a4 44. a3 Kxf6 45. Kc5 Kf5 0-1

[Event "Championnat de France des Jeunes - Cadettes"]
[Site "AIX LES BAINS"]
[Date ""]
[Round "4.1"]
[White "Richard, Emma"]
[Black "Forgues, Valerie"]
[Result "1-0"]
[WhiteElo "2070"]
[BlackElo "2037"]
[Annotator ""]

1. d4 d5 2. c4 c6 3. Nf3 Nf6 4. Nc3 Bf5 5. Bg5 Nbd7 6. e3 e6 7. Be2 Be7 8. O-O
O-O 9. Ne5 Nxe5 10. dxe5 Ne4 11. Nxe4 Bxe4 12. Bf4 Bg5 13. Rc1 Bxf4 14. exf4
Rc8 15. c5 Qh4 16. Qd2 Rfd8 17. Rc3 Qe7 18. Rd1 Rc7 19. f3 Bg6 20. b4 Rcd7 21.
Qd4 Ra8 22. Ra3 Qd8 23. Rd2 a6 24. Rb2 Rc7 25. Rab3 Rcc8 26. a4 Rcb8 27. Ra2 b5
28. Rba3 h6 29. Bf1 Bb1 30. Rb2 Bh7 31. Ra1 Qh4 32. g3 Qh5 33. Be2 Qh3 34. Bf1
Qf5 35. Rba2 Qg6 36. axb5 cxb5 37. Rxa6 Rxa6 38. Rxa6 Qc2 39. Bxb5 Qc1+ 40. Bf1
Qb1 41. c6 Re8 42. Ra7 g6 43. c7 Qe1 44. Qc5 Qd1 45. Rb7 Qa4 46. Rb8 Qd7 47.
Rxe8+ Qxe8 48. Qd6 d4 49. Qd8 Qxd8 50. cxd8=Q+ Kg7 51. Qxd4 g5 52. b5 gxf4 53.
b6 fxg3 54. Qg4+ Bg6 55. hxg3 h5 56. Qg5 Kf8 57. b7 Kg8 58. Qf6 Kh7 59. b8=Q h4
60. Qbh8# 1-0

[Event "Championnat de France des Jeunes - Cadet"]
[Site "AIX LES BAINS"]
[Date "2009.04.21"]
[Round "4.2"]
[White "Macarry, Elodie"]
[Black "Christophe, Lucie"]
[Result "1-0"]
[WhiteElo "1863"]
[BlackElo "1779"]
[PlyCount "149"]

1. e4 b6 2. d4 Bb7 3. Nc3 e6 4. f4 Bb4 5. Bd3 d5 6. e5 Ne7 7. a3 Bxc3+ 8. bxc3
c5 9. Nf3 Nbc6 10. Be3 c4 11. Be2 Nf5 12. Qc1 Qd7 13. g4 Nfe7 14. Ng5 h6 15.
Nf3 b5 16. Rb1 a6 17. Rf1 Nc8 18. Qd1 Nb6 19. f5 Na4 20. Qd2 O-O-O 21. Nh4 Qe7
22. f6 gxf6 23. Rxf6 Rd7 24. Ra1 Qd8 25. Bf2 Qa5 26. Rf3 Qd8 27. Kf1 Qg5 28.
Qe1 Qd8 29. Ng2 Qg8 30. h3 Ne7 31. Nf4 Ng6 32. Nh5 Qd8 33. Nf6 Rc7 34. Be3 Nb6
35. g5 h5 36. h4 Nd7 37. Rh3 Nxf6 38. exf6 Qd6 39. Qd1 Nf4 40. Rf3 Ng6 41. Rh3
Nf4 42. Rh1 Bc6 43. Bg1 Nxe2 44. Qxe2 Qf4+ 45. Qf2 Qxf2+ 46. Kxf2 Be8 47. Bh2
Rb7 48. Bd6 Rg8 49. Rae1 Kd7 50. Bc5 Rb8 51. Re5 Rg6 52. Rb1 Kc8 53. Bb4 Bd7
54. Ba5 Be8 55. Rb4 Rb7 56. Re1 Bc6 57. Ke3 Kd7 58. Kd2 Rg8 59. Kc1 Rg6 60. Kb2
Rg8 61. Ka2 Rg6 62. Reb1 Ra7 63. Bb6 Rb7 64. Bc5 a5 65. R4b2 a4 66. Re1 Rb8 67.
Re5 Re8 68. Rb1 Kc7 69. Be7 Kd7 70. Ree1 Bb7 71. Rxe6 fxe6 72. Bb4 Rh8 73. f7
Rgg8 74. fxg8=Q Rxg8 75. Rf1 1-0

[Event "Championnat de France des Jeunes - Cadet"]
[Site "AIX LES BAINS"]
[Date "2009.04.21"]
[Round "4.3"]
[White "Armas, Lara-Maria"]
[Black "Genzling, Sylvie"]
[Result "0-1"]
[WhiteElo "1966"]
[BlackElo "1967"]
[PlyCount "96"]

1. d4 d5 2. Nf3 Nf6 3. e3 e6 4. Bd3 c5 5. b3 Nc6 6. Bb2 Bd6 7. Ne5 O-O 8. f4
Qc7 9. a3 cxd4 10. exd4 Ne4 11. Nd2 f6 12. Nxc6 Qxc6 13. O-O f5 14. c4 Qe8 15.
a4 Bc7 16. Bc1 Qd8 17. Nf3 Bd7 18. Ne5 Rf6 19. Qh5 Be8 20. Qe2 Rh6 21. g3 Bh5
22. Qe3 Ba5 23. Ra2 Nc3 24. Rc2 Nd1 25. Rxd1 Bxd1 26. Rb2 Bc3 27. Be2 Bxb2 28.
Bxb2 Bxe2 29. Qxe2 Rc8 30. Qc2 Rf6 31. c5 Rf8 32. b4 g5 33. Bc1 h6 34. Qd2 g4
35. Qc2 Kg7 36. b5 h5 37. Bd2 h4 38. Be1 hxg3 39. Bxg3 Qa5 40. Kf1 Qb4 41. Bf2
Rh8 42. Bg1 Rh3 43. Nd3 Qa3 44. Ne5 Rc3 45. Qf2 Qc1+ 46. Qe1 Qxf4+ 47. Kg2 Rc2+
48. Kh1 Rh8 0-1

[Event "Championnat de France des Jeunes - Cadet"]
[Site "AIX LES BAINS"]
[Date "2009.04.21"]
[Round "4.4"]
[White "Jeannerot, Lea"]
[Black "Rambourg, Juliette"]
[Result "1-0"]
[WhiteElo "1980"]
[BlackElo "1866"]
[PlyCount "81"]

1. Nf3 c5 2. e3 g6 3. c3 Bg7 4. d4 Nf6 5. dxc5 Qc7 6. b4 a5 7. Bb2 Nc6 8. a3
O-O 9. Be2 Re8 10. Nd4 Na7 11. O-O h5 12. Nd2 e5 13. Nb5 Nxb5 14. Bxb5 e4 15.
Nc4 Ng4 16. Nd6 Re7 17. h3 Nh6 18. Bc4 Kh7 19. Bd5 f5 20. Qe2 Be5 21. Nb5 Qd8
22. c4 Qh8 23. Bxe5 Qxe5 24. Rad1 h4 25. Qd2 Qf6 26. Nd6 g5 27. Nxc8 Rxc8 28.
Bxb7 Rg8 29. Qd6 Re6 30. Qd4 Qg6 31. Bd5 g4 32. Bxe6 gxh3 33. Bxg8+ Nxg8 34.
Qxd7+ Kh8 35. g3 hxg3 36. Qd6 gxf2+ 37. Kxf2 Qg2+ 38. Ke1 h2 39. Qe5+ Kh7 40.
Qxf5+ Kh8 41. Qh5+ 1-0

[Event "Championnat de France des Jeunes - Cadet"]
[Site "AIX LES BAINS"]
[Date "2009.04.21"]
[Round "4.5"]
[White "Hourlier, Claire"]
[Black "Muller, Marion"]
[Result "1-0"]
[WhiteElo "1883"]
[BlackElo "1896"]
[PlyCount "145"]

1. e4 c6 2. d4 d5 3. exd5 cxd5 4. Bd3 Nc6 5. c3 Nf6 6. Nd2 g6 7. Ngf3 Bg7 8.
O-O Bf5 9. Qc2 Qc8 10. Re1 O-O 11. Bxf5 gxf5 12. Nf1 e6 13. Bf4 Nh5 14. Qd2
Nxf4 15. Qxf4 Qd7 16. Ng3 f6 17. Rad1 Qf7 18. Re2 Kh8 19. Rde1 Nd8 20. Qh4 Rg8
21. Nh5 Rc8 22. Nxg7 Rxg7 23. Qf4 Rg4 24. Qd6 Rg8 25. Nd2 Rc6 26. Qf4 Qg7 27.
Qg3 Qd7 28. Qd3 Qc7 29. Nb3 b6 30. Re3 f4 31. Rh3 Qg7 32. g3 Rc7 33. Qf3 fxg3
34. hxg3 Nf7 35. Qd3 Ng5 36. Rh2 Qd7 37. Kg2 Qc6 38. Nd2 Rcg7 39. Rh6 Rg6 40.
Reh1 Rxh6 41. Rxh6 Qe8 42. Rxf6 Qe7 43. Rh6 Qg7 44. Rh1 Rf8 45. Qe3 Qf6 46. Qe5
Qxe5 47. dxe5 b5 48. f4 Nf7 49. Nf3 a6 50. Nd4 Nd8 51. Kf3 Kg7 52. Ke3 Rf7 53.
g4 h6 54. f5 exf5 55. Nxf5+ Kg6 56. Rxh6+ Kg5 57. Rxa6 Rb7 58. e6 Nxe6 59. Rxe6
Kxg4 60. Nd4 b4 61. Kd3 bxc3 62. Kxc3 Kf4 63. a4 Rc7+ 64. Rc6 Ra7 65. Kb4 Ke4
66. Nb5 Rb7 67. a5 d4 68. a6 Rb8 69. Kc4 d3 70. Re6+ Kf5 71. Nd4+ Kf4 72. Kxd3
Rxb2 73. a7 1-0

[Event "Championnat de France des Jeunes - Cadet"]
[Site "AIX LES BAINS"]
[Date "2009.04.21"]
[Round "4.6"]
[White "Richard, Celine"]
[Black "Garma, Jovanka"]
[Result "0-1"]
[WhiteElo "1588"]
[BlackElo "1747"]
[PlyCount "102"]

1. e4 c5 2. Nf3 g6 3. Bc4 Nc6 4. O-O Bg7 5. Nc3 a6 6. a4 d6 7. h3 Nf6 8. d4
cxd4 9. Nxd4 Nxd4 10. Qxd4 O-O 11. Qd3 Bd7 12. Re1 Rc8 13. Bg5 Bc6 14. Rab1 Qd7
15. Bd5 Qc7 16. Bxf6 Bxf6 17. Bxc6 bxc6 18. Qxa6 Bxc3 19. bxc3 Ra8 20. Qb7 Ra7
21. Qxc7 Rxc7 22. Rb6 Ra8 23. Ra1 Ra5 24. f4 f6 25. Kf2 Kf7 26. Ke3 Ke6 27. g4
c5 28. f5+ Kf7 29. h4 Rca7 30. fxg6+ Kxg6 31. Rf1 Rxa4 32. Rf5 h6 33. g5 hxg5
34. hxg5 fxg5 35. Rb8 Ra8 36. Rb7 R4a7 37. Rb6 Rc7 38. Kd3 Rh8 39. Rf2 Rh4 40.
e5 Rd7 41. Ke3 Rc4 42. exd6 exd6 43. Kd3 Rf4 44. Rxf4 gxf4 45. Ke4 Kg5 46. Kf3
Kf5 47. c4 Ke5 48. c3 Rg7 49. Rb3 Rg3+ 50. Kf2 Rd3 51. Ra3 Ke4 0-1

[Event "Championnat de France des Jeunes - Cadet"]
[Site "AIX LES BAINS"]
[Date "2009.04.21"]
[Round "4.7"]
[White "Hedouin, Priscillia"]
[Black "Vinckier, Delphine"]
[Result "0-1"]
[WhiteElo "1640"]
[BlackElo "1817"]
[PlyCount "110"]

1. e4 e6 2. d4 d5 3. Nd2 dxe4 4. Nxe4 Bd7 5. Nf3 Bc6 6. Bd3 Nd7 7. O-O Ngf6 8.
Ng3 Bd6 9. Re1 Qe7 10. Qe2 O-O-O 11. Bg5 h6 12. Bd2 h5 13. c4 Qf8 14. c5 Be7
15. b4 Nb8 16. a4 Bxf3 17. Qxf3 Rxd4 18. Bc3 Rd8 19. a5 Nd5 20. Bd2 a6 21. Ne2
c6 22. Nf4 Bf6 23. Rac1 Qe7 24. Bc4 Nc7 25. Nd3 g5 26. Bc3 Bxc3 27. Rxc3 Nd5
28. Rb3 g4 29. Qf4 Qg5 30. Nb2 h4 31. Na4 Nd7 32. Nb6+ N7xb6 33. axb6 Rdg8 34.
Ra1 g3 35. hxg3 hxg3 36. Rxg3 Qf6 37. Raa3 Rxg3 38. Rxg3 Nxb4 39. Rf3 Qh4 40.
Qxh4 Rxh4 41. Bb3 Rh7 42. Rxf7 Rxf7 43. Bxe6+ Rd7 44. Bxd7+ Kxd7 45. Kf1 Nd3
46. g4 Ke6 47. Ke2 Nxc5 48. f4 a5 49. Kd2 Nd7 50. Kc3 Nxb6 51. g5 Nd5+ 52. Kc4
Nxf4 53. Kb3 b5 54. Kc3 c5 55. Kb3 Kf5 0-1

[Event "Championnat de France des Jeunes - Cadet"]
[Site "AIX LES BAINS"]
[Date "2009.04.21"]
[Round "4.8"]
[White "Gudefin, Marine"]
[Black "Durot, Edwige"]
[Result "0-1"]
[WhiteElo "1399"]
[BlackElo "1764"]
[PlyCount "136"]

1. e4 c5 2. Nc3 a6 3. Nf3 e6 4. e5 Nc6 5. d3 Qc7 6. Bf4 Nge7 7. d4 cxd4 8. Nxd4
Nxe5 9. Qe2 N7g6 10. Bxe5 Qxe5 11. Qxe5 Nxe5 12. a3 Bc5 13. Rd1 O-O 14. Be2 d5
15. O-O Bd7 16. Rfe1 Nc6 17. Nb3 Ba7 18. Bf3 Rfe8 19. Rd3 Rab8 20. Be2 Ne5 21.
Rh3 Ng6 22. Bd3 Bc6 23. Bxg6 hxg6 24. Rh4 f6 25. Re3 Bxe3 26. fxe3 Kf7 27. Nc5
Rh8 28. Rf4 g5 29. Rf3 d4 30. N3e4 Bxe4 31. Nxe4 dxe3 32. Rxe3 Rhd8 33. Rf3 Ke7
34. Re3 Rbc8 35. c3 b6 36. Ng3 g6 37. Ne4 Rd1+ 38. Kf2 Rcd8 39. Ke2 Rb1 40. b4
Rb2+ 41. Kf3 g4+ 42. Kg3 f5 43. Nf2 Rdd2 44. Nd3 Rxg2+ 45. Kf4 Rbd2 46. h4 Kf6
47. Ne1 Rdf2+ 48. Rf3 Rxf3+ 49. Nxf3 gxf3 50. Kxf3 Rg4 51. a4 Rxh4 52. a5 bxa5
53. bxa5 Rc4 54. Ke2 Rxc3 55. Kd2 Ra3 56. Kc2 g5 57. Kc1 Ra2 58. Kd1 g4 59. Ke1
g3 60. Kf1 f4 61. Kg1 f3 62. Kf1 g2+ 63. Kg1 Ra1+ 64. Kf2 g1=Q+ 65. Kxf3 Qd4
66. Kg3 Ra3+ 67. Kg2 Qd2+ 68. Kg1 Ra1# 0-1

[Event "Championnat de France des Jeunes - Cadet"]
[Site "AIX LES BAINS"]
[Date "2009.04.21"]
[Round "4.9"]
[White "Jolly, Marie"]
[Black "Rascle, Adeline"]
[Result "1/2-1/2"]
[WhiteElo "1738"]
[BlackElo "1620"]
[PlyCount "73"]

1. d4 d5 2. c4 e6 3. Nc3 c6 4. e3 Nf6 5. Nf3 Nbd7 6. Bd2 Be7 7. cxd5 exd5 8.
Bd3 O-O 9. Qc2 Re8 10. O-O Nf8 11. a3 Bd6 12. Rfc1 Bg4 13. Ne1 Bh5 14. b4 a6
15. Qb3 Bg6 16. a4 Bxd3 17. Nxd3 Qb8 18. h3 Ne4 19. Be1 h6 20. b5 Nxc3 21. Bxc3
axb5 22. axb5 Rxa1 23. Rxa1 Ne6 24. Bb4 Rc8 25. Bxd6 Qxd6 26. bxc6 bxc6 27. Rc1
Nd8 28. Qc2 Kf8 29. Ne5 Rc7 30. Qf5 g6 31. Qf4 Kg7 32. Qg3 Ne6 33. f4 Qa3 34.
Qe1 c5 35. dxc5 Rxc5 36. Rxc5 Qxc5 37. Kh2 1/2-1/2

[Event "Championnat de France des Jeunes - Cadet"]
[Site "AIX LES BAINS"]
[Date "2009.04.21"]
[Round "4.10"]
[White "Dauchart, Elaine"]
[Black "Argente, Lucie"]
[Result "1-0"]
[WhiteElo "1650"]
[BlackElo "1400"]
[PlyCount "151"]

1. e4 Nf6 2. Nc3 d5 3. exd5 Nxd5 4. Nxd5 Qxd5 5. Nf3 Bg4 6. Be2 Nc6 7. c3 O-O-O
8. O-O e5 9. Ng5 Bxe2 10. Qxe2 f6 11. Qg4+ Kb8 12. Ne4 h5 13. Qf5 Ne7 14. Qf3
f5 15. Ng5 Qxf3 16. Nxf3 e4 17. Ng5 Rd5 18. Ne6 h4 19. Nxf8 Rxf8 20. f3 Re5 21.
fxe4 Rxe4 22. d4 f4 23. Bd2 Nd5 24. Rae1 Rxe1 25. Rxe1 Kc8 26. Kf2 c6 27. Kf3
g5 28. Re5 Rg8 29. g3 hxg3 30. hxg3 g4+ 31. Kf2 f3 32. Rg5 Rxg5 33. Bxg5 Kd7
34. c4 Nb4 35. Kf1 Nd3 36. b3 Ke6 37. Be3 a6 38. a3 Kf5 39. Bh6 Ke4 40. Bg7 Nc1
41. b4 Nb3 42. c5 Nxd4 43. Kf2 Nc2 44. Bb2 Kd3 45. Kf1 Ne3+ 46. Ke1 Kc2 47. Bd4
Kd3 48. Bf6 Ng2+ 49. Kf2 Kc4 50. Bg5 Kb5 51. Bd2 b6 52. cxb6 Kxb6 53. Bc3 Kb5
54. Bd2 Ka4 55. Bc1 a5 56. bxa5 Kxa5 57. Bd2+ Ka4 58. Bb4 Kb3 59. Bc5 Kc4 60.
Bb4 c5 61. Bd2 Kb3 62. Bc1 c4 63. Kf1 c3 64. Kf2 Kc2 65. Bg5 Kd3 66. Bc1 Kc2
67. Bg5 Kb2 68. a4 c2 69. a5 c1=Q 70. Bxc1+ Kxc1 71. a6 Kd2 72. a7 Kd3 73. a8=Q
Ne3 74. Qa3+ Ke4 75. Qxe3+ Kf5 76. Qf4+ 1-0

[Event "Championnat de France des Jeunes - Cadet"]
[Site "AIX LES BAINS"]
[Date "2009.04.21"]
[Round "4.11"]
[White "Bruckert, Emma"]
[Black "Anamba-Onana, Marie-Therese"]
[Result "0-1"]
[WhiteElo "1380"]
[BlackElo "1540"]
[PlyCount "30"]

1. e4 e5 2. Nf3 Nc6 3. d4 exd4 4. Nxd4 Nf6 5. Nc3 Bb4 6. Nxc6 bxc6 7. Bd2 d6 8.
Bd3 Ng4 9. Qf3 Ne5 10. Qg3 Nxd3+ 11. cxd3 Qf6 12. O-O O-O 13. Bg5 Qg6 14. Ne2
h6 15. Nf4 Qxg5 0-1

[Event "Championnat de France des Jeunes - Minimes"]
[Site "Aix-les-Bains"]
[Date ""]
[Round "4.1"]
[White "Ider, Borya"]
[Black "Fevre, Mathieu"]
[Result "1-0"]
[WhiteElo "2176"]
[BlackElo "2065"]
[Annotator ""]

1. d4 Nf6 2. c4 g6 3. Nc3 Bg7 4. e4 d6 5. h3 O-O 6. Bg5 h6 7. Be3 e5 8. d5 Nbd7
9. Bd3 Nc5 10. Bc2 Ne8 11. Qd2 Kh7 12. Nge2 a5 13. O-O f5 14. exf5 Bxf5 15.
Bxc5 dxc5 16. Ne4 Bxe4 17. Bxe4 Nd6 18. Ng3 b6 19. Qd3 Qg5 20. h4 Qxh4 21.
Bxg6+ Kh8 22. Be4 Bf6 23. Rae1 Bg5 24. Nf5 Nxf5 25. Bxf5 Qd4 26. Qc2 Qf4 27.
Be4 Be7 28. d6 Bxd6 29. Bxa8 Rxa8 30. Qe4 Rf8 31. Qxf4 Rxf4 32. b3 Rd4 33. Re2
Kg7 34. g3 h5 35. Kg2 Kg6 36. Ree1 Rd2 37. a4 Rd3 38. Re3 Rd4 39. Kf3 Kg5 40.
Rh1 Rd2 41. Rh2 Rd1 42. Rh3 Rd2 43. Rh1 Rd4 44. Ke2 Kg6 45. Rh4 Kg5 46. Rxd4
cxd4 47. Re4 Kf5 48. Rh4 Kg6 49. Kd3 Be7 50. Rh1 Kg5 51. Ke4 Bd6 52. f4+ exf4
53. gxf4+ Kg4 54. f5 h4 55. Rg1+ Kh5 56. f6 h3 57. Rh1 h2 58. f7 Kg6 59. Rxh2
Kxf7 60. Rh3 Bc5 61. Rh7+ Ke6 62. Rxc7 Kd6 63. Rh7 Ke6 64. Rh5 Kd6 65. Rd5+ Ke6
66. Re5+ Kd6 67. Rh5 Ke6 68. Rd5 Ke7 69. Ke5 Kf7 70. Rxd4 Bxd4+ 71. Kxd4 Ke6
72. c5 1-0

[Event "Championnat de France des Jeunes - Minim"]
[Site "Aix-les-Bains"]
[Date "2009.??.??"]
[Round "4.2"]
[White "Netzer, Jacques"]
[Black "Di Nicolantonio, Lucas"]
[Result "1-0"]
[WhiteElo "2139"]
[BlackElo "2064"]
[PlyCount "65"]

1. e4 c5 2. d3 Nc6 3. g3 g6 4. Bg2 Bg7 5. f4 e6 6. Nf3 Nge7 7. O-O O-O 8. c3 b6
9. Be3 Ba6 10. Re1 d5 11. e5 Rc8 12. Bf2 h5 13. Na3 Re8 14. Nc2 Bf8 15. h3 Nf5
16. g4 Ng7 17. Bh4 Be7 18. Bg5 f6 19. Bh6 f5 20. Ng5 hxg4 21. hxg4 fxg4 22. Ne3
Bxg5 23. Bxg5 Qd7 24. Nxg4 Nh5 25. Bf3 Qg7 26. Kf2 Ne7 27. Nf6+ Kf7 28. Bxh5
gxh5 29. Qxh5+ Qg6 30. Qxg6+ Kxg6 31. Nxe8 Rxe8 32. Bxe7 Rxe7 33. Rg1+ 1-0

[Event "Championnat de France des Jeunes - Minim"]
[Site "Aix-les-Bains"]
[Date "2009.??.??"]
[Round "4.3"]
[White "Velten, Paul"]
[Black "Nguyen, Vincent"]
[Result "0-1"]
[WhiteElo "2129"]
[BlackElo "2058"]
[PlyCount "96"]

1. d4 Nf6 2. Nf3 c5 3. c3 d5 4. dxc5 Nc6 5. Bf4 Nh5 6. Bg5 f6 7. Bh4 Nf4 8. e3
Ng6 9. Bd3 e5 10. Bxg6+ hxg6 11. Bg3 Bxc5 12. Nbd2 O-O 13. O-O Be6 14. Qe2 Qc7
15. b4 Be7 16. a4 Rfc8 17. Rfc1 a6 18. Rab1 Qd8 19. Rd1 Qe8 20. h3 Na7 21. b5
axb5 22. axb5 Rxc3 23. Ra1 Rcc8 24. Rdb1 Bd7 25. Qd3 Qf7 26. e4 Rd8 27. b6 Nc6
28. Qxd5 Qxd5 29. exd5 Nb4 30. Ra7 Rxa7 31. bxa7 Ra8 32. Nc4 Bc5 33. Rxb4 Bxb4
34. Nb6 Rxa7 35. Nxd7 b5 36. Nb8 Ra1+ 37. Kh2 Rd1 38. Nc6 Bd6 39. Ng1 b4 40.
Na5 Rxd5 41. Nb3 Rd3 42. Nc1 Ra3 43. Nge2 b3 44. Nd3 Ra2 45. Nc3 Rd2 46. Nc1 b2
47. N1a2 Rc2 48. f3 Bb4 0-1

[Event "Championnat de France des Jeunes - Minim"]
[Site "Aix-les-Bains"]
[Date "2009.??.??"]
[Round "4.4"]
[White "Song, Julien"]
[Black "Dionisi, Thomas"]
[Result "1-0"]
[WhiteElo "2318"]
[BlackElo "2129"]
[PlyCount "63"]

1. d4 g6 2. c4 Bg7 3. Nf3 d6 4. Nc3 e5 5. dxe5 dxe5 6. Qxd8+ Kxd8 7. Bd2 f6 8.
O-O-O Nd7 9. g4 a5 10. Bg2 c6 11. Ne4 Ke7 12. Nd6 Nh6 13. g5 Ng4 14. Nxc8+
Rhxc8 15. gxf6+ Ndxf6 16. Rdf1 Ne4 17. Be1 Nc5 18. Bh3 h5 19. Rhg1 e4 20. Bxg4
hxg4 21. Nh4 Bh6+ 22. Kc2 Ne6 23. Rxg4 Nd4+ 24. Kb1 Kf7 25. Rxe4 Rd8 26. Bc3
Nf5 27. Nxf5 gxf5 28. Re5 f4 29. Rf5+ Ke7 30. Rh5 Rd6 31. Bxa5 Bg7 32. Bb4 1-0

[Event "Championnat de France des Jeunes - Minim"]
[Site "Aix-les-Bains"]
[Date "2009.??.??"]
[Round "4.5"]
[White "Ane, Cedric"]
[Black "Sochacki, Christophe"]
[Result "0-1"]
[WhiteElo "2060"]
[BlackElo "2250"]
[PlyCount "130"]

1. e4 c5 2. Nf3 d6 3. c3 Nf6 4. h3 Bd7 5. Bd3 Bc6 6. Qe2 Nh5 7. Bc2 Nf4 8. Qf1
d5 9. d3 Qc7 10. g3 Nxd3+ 11. Qxd3 dxe4 12. Qe3 exf3 13. O-O e6 14. Nd2 Nd7 15.
Be4 Bd6 16. Qxf3 Ne5 17. Bxc6+ Qxc6 18. Qxc6+ Nxc6 19. Ne4 Be7 20. Be3 b6 21.
Rad1 Rd8 22. Rxd8+ Kxd8 23. g4 Kc8 24. Bg5 Rd8 25. Bxe7 Nxe7 26. f4 f6 27. Kg2
Rd3 28. Ng3 Nd5 29. Rf2 Kd7 30. g5 Ke7 31. Nf1 b5 32. Ng3 Re3 33. Nh5 Kf7 34.
gxf6 g6 35. Ng3 Kxf6 36. Rf1 Ke7 37. Rf2 a5 38. Nf1 Re1 39. Nd2 Ne3+ 40. Kg3 c4
41. Nf3 Rb1 42. Nd4 Nf5+ 43. Nxf5+ gxf5 44. a3 Rd1 45. Re2 Rd5 46. Kh4 Kf6 47.
Kh5 Rd3 48. h4 Rf3 49. Re5 Rxf4 50. Rxb5 Rf2 51. Rxa5 Rxb2 52. Rc5 Ra2 53. Rxc4
Rxa3 54. Rc7 Ra4 55. c4 Rb4 56. c5 Rc4 57. c6 e5 58. Rxh7 e4 59. Rh6+ Ke5 60.
Kg5 e3 61. Rh7 Rxc6 62. Rf7 e2 63. Rxf5+ Kd6 64. Rf6+ Kd7 65. Rf7+ Ke8 0-1

[Event "Championnat de France des Jeunes - Minim"]
[Site "Aix-les-Bains"]
[Date "2009.??.??"]
[Round "4.6"]
[White "Brunier, Jules"]
[Black "Manoeuvre, Antoine"]
[Result "0-1"]
[WhiteElo "2004"]
[BlackElo "2150"]
[PlyCount "55"]

1. e4 e6 2. d4 d5 3. Nd2 Be7 4. Ngf3 Nf6 5. Bd3 c5 6. exd5 Nxd5 7. Nb3 cxd4 8.
Nbxd4 O-O 9. c3 Bf6 10. O-O Nd7 11. Re1 Re8 12. Bb1 Nf8 13. Ne5 Ng6 14. Ndf3
Qc7 15. Qe2 Rd8 16. Bc2 b6 17. Nxg6 hxg6 18. Ne5 Ba6 19. Qe4 Bxe5 20. Qxe5 Qxe5
21. Rxe5 Rac8 22. Bb3 Kf8 23. f3 Rc5 24. Re1 Bc4 25. Bc2 Ba6 26. Bb3 Bc4 27.
Bc2 Rcc8 28. Kf2 0-1

[Event "Championnat de France des Jeunes - Minim"]
[Site "Aix-les-Bains"]
[Date "2009.??.??"]
[Round "4.7"]
[White "Ternault, Mathieu"]
[Black "Dubessay, Bastien"]
[Result "1-0"]
[WhiteElo "1911"]
[BlackElo "2134"]
[PlyCount "85"]

1. d4 Nf6 2. Nf3 g6 3. Bg5 Bg7 4. Nbd2 d5 5. e3 O-O 6. Bd3 c5 7. c3 b6 8. Qe2
Bb7 9. O-O Ne4 10. Bf4 Nd7 11. Rfd1 f6 12. Nxe4 dxe4 13. Bc4+ Kh8 14. Ne1 cxd4
15. cxd4 Qe8 16. Be6 f5 17. Rac1 Nf6 18. Qc4 Nh5 19. Qc7 Nxf4 20. Qxf4 Qb5 21.
Rc7 Qe2 22. Rdc1 Qxb2 23. R1c2 Qb4 24. Rc1 Ba6 25. h3 Bf6 26. h4 Bb5 27. Kh1
Be8 28. h5 Kg7 29. g3 Bf7 30. Bxf7 Kxf7 31. Ng2 Rh8 32. g4 Qa5 33. g5 Bg7 34.
Rxe7+ Kxe7 35. Rc7+ Ke6 36. Rc6+ Kf7 37. Rc7+ Ke6 38. Rc6+ Kf7 39. Rc7+ Kg8 40.
Qd6 Qxa2 41. Qe7 Qa1+ 42. Kh2 Be5+ 43. dxe5 1-0

[Event "Championnat de France des Jeunes - Minim"]
[Site "Aix-les-Bains"]
[Date "2009.??.??"]
[Round "4.8"]
[White "Grandadam, Nicolas"]
[Black "Samoun, Florent"]
[Result "0-1"]
[WhiteElo "2133"]
[BlackElo "2045"]
[PlyCount "92"]

1. d4 d5 2. c4 e6 3. Nc3 Nf6 4. cxd5 exd5 5. Bg5 Be7 6. e3 c6 7. Bd3 Nbd7 8.
Qc2 O-O 9. Nf3 Re8 10. O-O Nf8 11. h3 g6 12. Ne5 Ne6 13. Bh4 Ng7 14. Rab1 Bf5
15. b4 Bxd3 16. Nxd3 Nf5 17. Bxf6 Bxf6 18. b5 Bg7 19. bxc6 bxc6 20. Qd1 h5 21.
Rb7 Qg5 22. Qf3 Rf8 23. g3 h4 24. g4 Nd6 25. Rc7 Rfc8 26. Rxc8+ Rxc8 27. Rb1
Qe7 28. Nc5 Qc7 29. Kg2 Qa5 30. Nb7 Nxb7 31. Rxb7 Rf8 32. Ne2 Qxa2 33. g5 Qa6
34. Re7 Qb6 35. Nf4 a5 36. Qg4 a4 37. Nxg6 fxg6 38. Qd7 Bxd4 39. exd4 Qxd4 40.
f3 Qd2+ 41. Kg1 Qxg5+ 42. Kh1 Qc1+ 43. Kg2 Qd2+ 44. Kg1 Qg5+ 45. Kh1 Qf6 46.
Kh2 Qf4+ 0-1

[Event "Championnat de France des Jeunes - Minim"]
[Site "Aix-les-Bains"]
[Date "2009.??.??"]
[Round "4.9"]
[White "Meley, Hector"]
[Black "Muheim, Sebastien"]
[Result "0-1"]
[WhiteElo "1889"]
[BlackElo "2031"]
[PlyCount "58"]

1. d4 f5 2. Nf3 Nf6 3. g3 g6 4. Bg2 Bg7 5. O-O O-O 6. c4 d6 7. Nc3 Qe8 8. d5
Na6 9. Be3 c6 10. Nd4 Bd7 11. h3 Nc5 12. Rc1 a5 13. Nb3 Nce4 14. Na4 e5 15.
dxe6 Bxe6 16. Bb6 c5 17. Nc3 a4 18. Nxe4 Nxe4 19. Na5 Qd7 20. b4 axb3 21. Bxe4
fxe4 22. Qxb3 Bxh3 23. Rfd1 Bd4 24. e3 Qf5 25. Kh2 Qxf2+ 26. Kxh3 Be5 27. Rg1
Rf5 28. Rcf1 Rh5+ 29. Kg4 Qe2+ 0-1